000 00575nam a2200217Ia 4500
005 20230421120215.0
008 230125s9999 xx 000 0 und d
020 _a81-7554-171-7
041 _aeng
082 _a658
_bSAD
100 _aSadler P
_9108964
245 _aThe Seamless Organization
_bBuilding the Company of Tomorrow
250 _aEd.4th
260 _c2003
_bKogan Page
_aNew Delhi
300 _a172p
500 _aGeneral Management
650 _aGeneral Management
700 _aSadler P & Abhyankar M W, Donor
_9116100
906 _b87.5
942 _cDB
999 _c93781
_d93781